Sú daňové raje nástrojom daňovej optimalizácie?

Medzinárodné daňové plánovanie a daňová optimalizácia prostredníctvom "offshore" spoločností. Daňové špekulácie a využívanie medzier v daňových zákonoch. Ekonomická legislatíva štátov a podnikateľské aktivity do daňových rajov. Stanovisko Organizácie pre hospodársku spoluprácu a rozvoj (OECD).

Guardado en:
Detalles Bibliográficos
Autor principal: Teplická, Katarína
Otros Autores: Ďurková, Martina
Formato: Capítulo de libro
Lenguaje:eslovaco
Materias:
Etiquetas: Agregar Etiqueta
Sin Etiquetas, Sea el primero en etiquetar este registro!

MARC

LEADER 00000naa$a2200000$$$4500
001 0106192
005 20240411080325.5
041 0 |a slo 
044 |a SK 
245 1 0 |a Sú daňové raje nástrojom daňovej optimalizácie?  |c Katarína Teplická, Martina Ďurková 
520 |a Medzinárodné daňové plánovanie a daňová optimalizácia prostredníctvom "offshore" spoločností. Daňové špekulácie a využívanie medzier v daňových zákonoch. Ekonomická legislatíva štátov a podnikateľské aktivity do daňových rajov. Stanovisko Organizácie pre hospodársku spoluprácu a rozvoj (OECD). 
610 2 0 |a raje daňové 
610 2 0 |a optimalizácia daňová 
610 2 0 |a dane 
610 2 0 |a zdaňovanie medzinárodné 
610 2 0 |a únik daňový 
100 1 |a Teplická, Katarína 
700 1 |a Ďurková, Martina